00510nam a2200145 a 450000100100000000500170001000800410002704000250006808200150009310000280010824500950013626000390023130000210027050000730029100002091820200930011204.0100824sxxuu dr 000 0 spa d aDO-SdBNPbspacBNPHU axxxbA148d1 aAbinader, José Rafael13aEl desarrollo económico y social de la República Dominicana /cJosé Rafael Abinader. a[Santo Domingo] :b[s.n],c[200?]. a121 p. ;c22 cm. aPrimer premio juegos Florales Hispano-Dominicanos Tema IV año 1975